| 000 | 00775cam a2200265 i 4500 | ||
|---|---|---|---|
| 999 |
_c9715 _d9715 |
||
| 003 | BD-JhCC | ||
| 005 | 20180322175153.0 | ||
| 008 | 180322s1978 ctu b 001 0 eng | ||
| 020 | _a0300022158 | ||
| 035 | _a(BD-JhCC) | ||
| 040 |
_aDLC _cDLC _dDLC _dBD-JhCC |
||
| 041 | 1 | _aengfre | |
| 050 | 0 | 0 |
_aD741 _b.B2813 |
| 082 | 0 | 0 |
_a940.53/1 _bROB 1978 |
| 100 | 1 | _aRobertson E. M. | |
| 245 | 1 | 4 |
_aThe origins of the Second World War / _cE. M. Robertson |
| 260 |
_aNew Haven : _bYale University Press, _c1978. |
||
| 300 |
_aviii, 312 p. ; _c20 cm. |
||
| 500 | _aTranslation of Les origines de la deuxième guerre mondiale. | ||
| 500 | _aIncludes index. | ||
| 504 | _aBibliography: p. 315. | ||
| 650 | 0 |
_aWorld War, 1939-1945 _xCauses. |
|
| 942 |
_2ddc _cBK |
||